Resultados generales de la encuesta sobre satisfacción con la vida y valores básicos /

Wedi'i Gadw mewn:
Manylion Llyfryddiaeth
Prif Awdur: Gómez Barrantes, Miguel
Fformat: Texto
Pynciau:
Tagiau: Ychwanegu Tag
Dim Tagiau, Byddwch y cyntaf i dagio'r cofnod hwn!

MARC

LEADER 00000 a a2200000 04500
001 17356
003
040
100 |a Gómez Barrantes, Miguel  
245 |a Resultados generales de la encuesta sobre satisfacción con la vida y valores básicos /  |c Miguel Gómez Barrantes 
650 |a DESARROLLO HUMANO  
650 |a CALIDAD DE VIDA  
650 |a BIENESTAR SOCIAL  
650 |a DESARROLLO DE LA PERSONALIDAD  
650 |a BIENESTAR SOCIAL  
650 |a ESTIMACION DE LAS NECESIDADES  
650 |a CALIDAD DE VIDA  
650 |2 Macrothesaurus de la OCDE  
650 |a DEMOCRACIA  
650 |a CAMBIO SOCIAL  
650 |a TRABAJO  
650 |a ETICA  
650 |a LEGISLACION  
650 |a MEDIO AMBIENTE  
650 |a NIÑOS  
650 |a ROL DE LA MUJER  
773 |g número 5; páginas 25-72  
999 |c 28785  |d 28785